Envejecer aprendiendo : claves para un envejecimiento activo /

Bibliographic Details
Main Authors: Yuni, José (Author), Urbano, Claudio Ariel (Author)
Format: Electronic eBook
Language:Spanish
Published: Córdoba, Argentina : Editorial Brujas, [2016]
Edition:1a. edición.
Subjects:
Online Access:Digitalia Hispánica

MARC

LEADER 00000nam a2200000Ii 4500
001 DIGBRUJ201
003 NyNyDIG
006 m o d
007 cr |||||||||||
008 220306s2016 ag ob 000 0 spa d
035 |a (OCoLC)1319851889 
040 |a DGITA  |b eng  |e rda  |e pn  |c DGITA 
020 |a 9789871925995  |q eBook  |q pdf 
020 |z 9789871925490 
050 1 4 |a LC5457 ebook 
082 0 4 |a 374 
100 1 |a Yuni, José,  |e author. 
245 1 0 |a Envejecer aprendiendo :  |b claves para un envejecimiento activo /  |c José Alberto Yuni, Claudio Ariel Urbano. 
264 1 |a Córdoba, Argentina :  |b Editorial Brujas,  |c [2016] 
250 |a 1a. edición. 
300 |a 1 online resource. 
336 |a text  |b txt  |2 rdacontent 
337 |a computer  |b c  |2 rdamedia 
338 |a online resource  |b cr  |2 rdacarrier 
347 |a text file  |2 rdaft 
347 |b PDF 
504 |a Includes bibliographical references. 
588 0 |a Online resource; title from PDF title page (Digitalia, viewed March 6, 2022) 
650 0 |a Older people  |x Education. 
650 0 |a Adult education. 
650 0 |a Sociology. 
655 0 |a Electronic books. 
700 1 |a Urbano, Claudio Ariel,  |e author. 
791 2 |a Digitalia (Firm),  |e distributor. 
793 0 |g Digitalia eBook Collection:  |a Editorial Brujas 
776 0 8 |i Print version:  |a Yuni, José.  |t Envejecer aprendiendo.  |b 1a. edición.  |d Córdoba, Argentina : Editorial Brujas, [2016]  |z 9789871925490 
856 4 0 |3 Digitalia Hispánica  |u https://www.digitaliapublishing.com/a/41893/ 
910 |a Premium collection: 2022